Risultati della Roma in UEFA Champions League 2010-2011 - Statistics

Statistiche generali
  • Questo quiz è stato fatto 3 volte
  • Il punteggio medio è 4 su 8
Statistiche sulle risposte
Hint Risposta % Corretto
Roma - Bayern Monaco 3-2
100%
CFR Cluj - Roma 1-1
67%
Roma - CFR Cluj 2-1
67%
Roma - Basilea 1-3
33%
Bayern Monaco - Roma 2-0
33%
Basilea - Roma 2-3
33%
Roma - Shakhtar Donetsk 2-3
33%
Shakhtar Donetsk - Roma 3-0
33%
Nessun quiz corrispondente trovato
Distribuzione punteggi
Percentuale di utenti per punteggio
Percentile per numero di risposta
I tuoi punteggi nel tempo
Non hai fatto questo quiz